15 Plus grandes villes nordiques sur la carte - Statistiques

Statistiques générales
  • Ce quiz a été pris 55 fois
  • Le résultat moyen est 10 sur 15
Réponses sur la Carte
Les réponses sont colorées sur une échelle allant du rouge au vert en fonction du pourcentage des utilisateurs qui les ont devinées à leur premier essai. Vous pouvez retrouver ces pourcentages ci-dessous.
 
Statistiques - réponses
Pays Ville Population % Correct
Norvège Oslo 720 mille
100%
Suède Stockholm 1 million
98%
Danemark Copenhague 1,4 million
96%
Finlande Helsinki 680 mille
96%
Islande Reykjavik 240 mille
96%
Suède Malmö 360 mille
85%
Norvège Bergen 230 mille
67%
Suède Göteborg 600 mille
65%
Danemark Aarhus 300 mille
52%
Norvège Trondheim 210 mille
48%
Finlande Tampere 260 mille
42%
Suède Uppsala 250 mille
37%
Finlande Espoo 320 mille
33%
Finlande Oulu 210 mille
33%
Finlande Vantaa 250 mille
12%
Aucun quiz correspondant
Distribution des résultats
% des personnes avec chaque résultat
Percentile par nombre de réponses
Votre historique - résultats
Vous n’avez pas pris ce quiz